000 00795nam a22002537a 4500
005 20170124110122.0
010 _a396910
020 _c00.00
035 _a396910
037 _bCen Lib/Ret
040 _aDPL
_bEN
082 _a921
_bGAN
100 _aGandhi, M. K.
_918536
245 _aAn autobiography or the story of my experiments with truth /
_cby M. K. Gandhi; translated from original in Gujarati by Mahadev desai
250 _a2nd ed
260 _bAhmedabad
_aNavajivan Publishing
_c1959
270 _bAhmedabad
300 _axvi,392p.
_c21cm(Hb)
500 _aIncludes index
650 _aGandhi, -- Mahatma, -- 1869-1948
_9102156
650 _aStatesmen -- India -- Biography
_910868
700 _aDesai, Mahadev
_930733
942 _2ddc
_cEN
_h921
_mGAN
999 _c131068
_d131068